राम : (Record no. 119492)

MARC details
000 -LEADER
fixed length control field 01065nam a22002537a 4500
005 - DATE AND TIME OF LATEST TRANSACTION
control field 20170124103138.0
010 ## - LIBRARY OF CONGRESS CONTROL NUMBER
LC control number A-913652
020 ## - INTERNATIONAL STANDARD BOOK NUMBER
Terms of availability 200.00
035 ## - SYSTEM CONTROL NUMBER
System control number A-913652
037 ## - SOURCE OF ACQUISITION
Source of stock number/acquisition Cen Lib/Ret
040 ## - CATALOGING SOURCE
Original cataloging agency DPL
Language of cataloging HN
082 ## - DEWEY DECIMAL CLASSIFICATION NUMBER
Classification number 230.1
Item number मिश्ररा
100 ## - MAIN ENTRY--PERSONAL NAME
Personal name मिश्र, रामप्रसाद
9 (RLIN) 85225
245 ## - TITLE STATEMENT
Title राम :
Statement of responsibility, etc रामप्रसाद मिश्र
Remainder of title ऐतिहासिक जीवनचरित /
246 ## - VARYING FORM OF TITLE
Title proper/short title Ram : etihasik jeevancharit /
Remainder of title by Ramprasad Mishra
260 ## - PUBLICATION, DISTRIBUTION, ETC. (IMPRINT)
Name of publisher, distributor, etc इतिहास शोध-संस्थान
Date of publication, distribution, etc 1998
Place of publication, distribution, etc नई दिल्ली
270 ## - ADDRESS
Address भूलभुलैय्याँ रोड, महरौली
City नई दिल्ली
Postal code 110030
300 ## - PHYSICAL DESCRIPTION
Extent 203पृ.
Dimensions 20सेमी(सजिल्द)
650 ## - SUBJECT ADDED ENTRY--TOPICAL TERM
Topical term or geographic name as entry element हिन्दू धर्म
9 (RLIN) 85226
650 ## - SUBJECT ADDED ENTRY--TOPICAL TERM
Topical term or geographic name as entry element राम -- जीवनी
9 (RLIN) 1054
650 ## - SUBJECT ADDED ENTRY--TOPICAL TERM
Topical term or geographic name as entry element Hindu religion
9 (RLIN) 85227
650 ## - SUBJECT ADDED ENTRY--TOPICAL TERM
Topical term or geographic name as entry element Ram - Biography
9 (RLIN) 85228
942 ## - ADDED ENTRY ELEMENTS (KOHA)
Source of classification or shelving scheme Dewey Decimal Classification
Koha item type Hindi Books
Classification part 230.1
Call number suffix मिश्ररा
Holdings
Withdrawn status Lost status Damaged status Not for loan Home library Current library Date acquired Source of acquisition Cost, normal purchase price Total Checkouts Full call number Barcode Date last seen Copy number Cost, replacement price Price effective from Koha item type
        Central Library Central Library 17/09/2015 Cen Lib/Ret 200.00   230.1 मिश्ररा A-913652 17/09/2015 1 200.00 17/09/2015 Hindi Books

© Delhi Public Library
Hit Counter
free hit counter